<?xml version="1.0" encoding="UTF-8"?><?xml-stylesheet type="text/xsl" href="static/style.xsl"?><OAI-PMH xmlns="http://www.openarchives.org/OAI/2.0/" xmlns:xsi="http://www.w3.org/2001/XMLSchema-instance" xsi:schemaLocation="http://www.openarchives.org/OAI/2.0/ http://www.openarchives.org/OAI/2.0/OAI-PMH.xsd"><responseDate>2026-04-30T03:51:11Z</responseDate><request verb="GetRecord" identifier="oai:repisalud.isciii.es:20.500.12105/19110" metadataPrefix="marc">https://repisalud.isciii.es/rest/oai/request</request><GetRecord><record><header><identifier>oai:repisalud.isciii.es:20.500.12105/19110</identifier><datestamp>2024-11-29T15:12:54Z</datestamp><setSpec>com_20.500.12105_2173</setSpec><setSpec>com_20.500.12105_2051</setSpec><setSpec>col_20.500.12105_19597</setSpec></header><metadata><record xmlns="http://www.loc.gov/MARC21/slim" xmlns:dcterms="http://purl.org/dc/terms/" xmlns:doc="http://www.lyncode.com/xoai" xmlns:xsi="http://www.w3.org/2001/XMLSchema-instance" xsi:schemaLocation="http://www.loc.gov/MARC21/slim http://www.loc.gov/standards/marcxml/schema/MARC21slim.xsd">
   <leader>00925njm 22002777a 4500</leader>
   <datafield ind2=" " ind1=" " tag="042">
      <subfield code="a">dc</subfield>
   </datafield>
   <datafield ind2=" " ind1=" " tag="720">
      <subfield code="a">Marión, Rosa M</subfield>
      <subfield code="e">author</subfield>
   </datafield>
   <datafield ind2=" " ind1=" " tag="720">
      <subfield code="a">Blasco, MA</subfield>
      <subfield code="e">author</subfield>
   </datafield>
   <datafield ind2=" " ind1=" " tag="260">
      <subfield code="c">2017-04-28</subfield>
   </datafield>
   <datafield ind2=" " ind1=" " tag="520">
      <subfield code="a">Aging can be defined as the progressive loss of physiological integrity that leads to tissue dysfunction and increased risk for developing age-associated human pathologies, such as cancer, diabetes mellitus, cardiovascular disorders, and neurodegenerative diseases.(1) Therapeutic strategies to delay or prevent aging are aimed to decrease the deleterious effects of aging and to improve the quality of life in aged individuals and eventually to extend the human life span. In addition, deep molecular understanding of the mechanisms of aging may lead to new treatments for age-related diseases. In line with this, a recent article in Cell(2) shows that cyclic induction of Yamanaka reprogramming factors in vitro, what the authors called "partial reprogramming," reduces age-associated features in mouse and human cells. Strikingly, partial reprogramming induced in vivo in a mouse model of premature aging ameliorates some aging-associated hallmarks and extends their prematurely shortened life span. Importantly, these beneficial effects are not accompanied by dedifferentiation or loss of cellular identity. Finally, the authors show that partial in vivo reprogramming increases the regenerative capacity of physiologically aged wild-type mice.</subfield>
   </datafield>
   <datafield ind1="8" ind2=" " tag="024">
      <subfield code="a">Circ Res . 2017 Apr ;120(9):1381-1383.</subfield>
   </datafield>
   <datafield ind1="8" ind2=" " tag="024">
      <subfield code="a">10.1161/CIRCRESAHA.117.310594</subfield>
   </datafield>
   <datafield ind1="8" ind2=" " tag="024">
      <subfield code="a">1524-4571</subfield>
   </datafield>
   <datafield ind1="8" ind2=" " tag="024">
      <subfield code="a">Circulation research</subfield>
   </datafield>
   <datafield ind1="8" ind2=" " tag="024">
      <subfield code="a">28450358</subfield>
   </datafield>
   <datafield ind1="8" ind2=" " tag="024">
      <subfield code="a">http://hdl.handle.net/20.500.12105/19110</subfield>
   </datafield>
   <datafield ind2="0" ind1="0" tag="245">
      <subfield code="a">Long Live Partial Reprogramming.</subfield>
   </datafield>
</record></metadata></record></GetRecord></OAI-PMH>